000 00316nam a22001457a 4500
003 SGT
082 _a611
_bM18H
100 _aHEYLINGS, DAVID
245 _aMC MINN'S CONCISE HUMAN ANATOMY
250 _a2ND
260 _aNEW YORK
_bCRC PRESS
_c2018
300 _a272
650 _aANATOMY
942 _2ddc
_cBK
_08
999 _c15098
_d15098